Detalles MARC
| 000 -LEADER |
| campo de control de longitud fija |
03975cam a2200541Ii 4500 |
| 003 - IDENTIFICADOR DE NÚMERO DE CONTROL |
| campo de control |
PE-LiUPU |
| 005 - FECHA Y HORA DE LA ÚLTIMA TRANSACCIÓN |
| campo de control |
20250731183346.0 |
| 008 - DATOS DE LONGITUD FIJA--INFORMACIÓN GENERAL |
| campo de control de longitud fija |
150804s2015 pe abe b 000 0 spa d |
| 020 ## - NÚMERO INTERNACIONAL ESTÁNDAR DEL LIBRO |
| Número Internacional Estándar del Libro |
6123170899 |
| 020 ## - NÚMERO INTERNACIONAL ESTÁNDAR DEL LIBRO |
| Número Internacional Estándar del Libro |
9786123170899 |
| 035 ## - NÚMERO DE CONTROL DEL SISTEMA |
| Número de control de sistema |
(Sirsi) i9786123170899 |
| 040 ## - FUENTE DE CATALOGACIÓN |
| Centro catalogador/agencia de origen |
PE-LiUPU |
| Lengua de catalogación |
spa |
| Centro/agencia transcriptor |
PE-LiUPU |
| Normas de descripción |
rda |
| 049 ## - FONDOS LOCALES (OCLC) |
| Biblioteca depositaria |
PRUA |
| 082 ## - NÚMERO DE LA CLASIFICACIÓN DECIMAL DEWEY |
| Número de clasificación |
722.91 |
| Cutter |
H8 |
| Número de edición |
21 |
| 245 00 - MENCIÓN DEL TÍTULO |
| Título |
Huaca 20 : |
| Resto del título |
un sitio Lima en el antiguo Complejo Maranga / |
| Mención de responsabilidad, etc. |
Francesca Fernandini, Enrique Gonzáles Carré, Martín Mac Kay Fulle, Ana Cecilia Mauricio, Luis Armando Muro Ynoñán, Carlos Olivera Astete, Gabriel Prieto Burmester, Raphael Santa Cruz Gamarra, María del Carmen Vega ; Ana Cecilia Mauricio, Luis Muro Ynoñán, Carlos Olivera Astete (editores). |
| 250 ## - MENCION DE EDICION |
| Mención de edición |
Primera edición. |
| 264 1# - PRODUCCIÓN, PUBLICACIÓN, DISTRIBUCIÓN, FABRICACIÓN Y COPYRIGHT |
| Producción, publicación, distribución, fabricación y copyright |
Lima, Perú : |
| Nombre del de productor, editor, distribuidor, fabricante |
Fondo Editorial de la Pontificia Universidad Católica del Perú : |
| -- |
Instituto Francés de Estudios Andinos, |
| Fecha de producción, publicación, distribución, fabricación o copyright |
2015. |
| 300 ## - DESCRIPCIÓN FÍSICA |
| Extensión |
248 páginas. : |
| Otras características físicas |
ilustraciones. ; |
| Dimensiones |
26 centímetros. |
| 336 ## - TIPO DE CONTENIDO |
| Término de tipo de contenido |
text |
| Fuente |
rdacontent |
| 337 ## - TIPO DE MEDIO |
| Nombre/término del tipo de medio |
unmediated |
| Fuente |
rdamedia |
| 338 ## - TIPO DE SOPORTE |
| Nombre/término del tipo de soporte |
volume |
| Fuente |
rdacarrier |
| 490 1# - MENCIÓN DE SERIE |
| Mención de serie |
Colección "Travaux de l'Institut Français d'Études Andines, |
| Número Internacional Normalizado para Publicaciones Seriadas |
0768-424X ; |
| Designación de volumen o secuencia |
tomo 324 |
| 504 ## - NOTA DE BIBLIOGRAFÍA, ETC. |
| Nota de bibliografía, etc. |
Bibliografía : páginas 218-248. |
| 505 0# - NOTA DE CONTENIDO CON FORMATO |
| Nota de contenido con formato |
Presentación / Dr. Carlos Fosca Pastor -- Cuarenta años de excavaciones en el sitio arqueológico Huaca 20 y los nuevos retos de la gestión del patrimonio arqueológico de la PUCP / Luis Muro y Enrique González Carré -- La cerámica Lima de Huaca 20 / Ana Cecilia Mauricio -- Innovaciones estílicas en la cerámica del sitio Huaca 20 a inicios del horizonte medio : la presencia nievería / Francesca Fernandini -- La arquitectura doméstica y los procesos de ocupación en el sitio arqueológico Huaca 20 / Carlos Olivera Astete -- El cementerio de Huaca 20 : patrones y fases funerarias Lima / Ana Cecilia Mauricio -- Estudio paleoepidemiológico de Huaca 20 : una aproximación al estudio de las poblaciones de la época Lima / María del Carmen Vega -- El cementerio de Huaca 20 : nuevas evidencias, hallazgos de las temporadas 2011-2012 / Carlos Olivera Astete -- Una aproximación a la tecnología de pesca en el sitio Huaca 20 y sus implicancias sociales y económicas / O. Gabriel Prieto -- Eventos efímeros para eventos eternos : el caso de una estructura ceremonial en el Complejo Maranga / Martín Mac Kay Fulle y Raphael Santa Cruz Gamarra. |
| 526 ## - NOTA DE INFORMACIÓN SOBRE EL PROGRAMA DE ESTUDIO |
| Nombre del programa |
Maestría Bim Facility Management (A distancia) |
| 526 ## - NOTA DE INFORMACIÓN SOBRE EL PROGRAMA DE ESTUDIO |
| Nombre del programa |
|
| 526 ## - NOTA DE INFORMACIÓN SOBRE EL PROGRAMA DE ESTUDIO |
| Nombre del programa |
Educación musical y artes |
| 526 ## - NOTA DE INFORMACIÓN SOBRE EL PROGRAMA DE ESTUDIO |
| Nombre del programa |
Educación, especialidad educación física |
| 526 ## - NOTA DE INFORMACIÓN SOBRE EL PROGRAMA DE ESTUDIO |
| Nombre del programa |
Arquitectura |
| 526 8# - NOTA DE INFORMACIÓN SOBRE EL PROGRAMA DE ESTUDIO |
| Texto de visualización |
Programa académico : |
| Institución que aplica el campo |
PE-LiUPU |
| 541 ## - NOTA DE FUENTE DE ADQUISICIÓN DIRECTA |
| -- |
003-001193; |
| 541 ## - NOTA DE FUENTE DE ADQUISICIÓN DIRECTA |
| -- |
003-1760; |
| 596 ## - |
| -- |
1 |
| 650 #0 - PUNTO DE ACCESO ADICIONAL DE MATERIA--TÉRMINO DE MATERIA |
| Término de materia o nombre geográfico como elemento de entrada |
Excavaciones (Arqueología) |
| Subdivisión geográfica |
Peru |
| -- |
Lima. |
| 650 #0 - PUNTO DE ACCESO ADICIONAL DE MATERIA--TÉRMINO DE MATERIA |
| Término de materia o nombre geográfico como elemento de entrada |
Indigenas de Sudámerica |
| Subdivisión geográfica |
Peru |
| -- |
Lima |
| 651 #0 - PUNTO DE ACCESO ADICIONAL DE MATERIA--NOMBRE GEOGRÁFICO |
| Nombre geográfico |
Huaca 20 Sitio (Lima, Peru) |
| 700 1# - ENTRADA AGREGADA--NOMBRE PERSONAL |
| Nombre de persona |
Mauricio, Ana Cecilia, |
| Término indicativo de función/relación |
editor. |
| 700 1# - ENTRADA AGREGADA--NOMBRE PERSONAL |
| Nombre de persona |
Muro Ynon̋an, Luis, |
| Término indicativo de función/relación |
editor. |
| 700 1# - ENTRADA AGREGADA--NOMBRE PERSONAL |
| Nombre de persona |
Olivera Astete, Carlos, |
| Término indicativo de función/relación |
editor. |
| 700 12 - ENTRADA AGREGADA--NOMBRE PERSONAL |
| Nombre de persona |
Muro Ynon̋an, Luis. |
| Título de la obra |
Cuarenta años de excavaciones en el sitio arqueológico Huaca 20 y los nuevos retos de la gestión del patrimonio arqueológico de la PUCP. |
| 910 ## - DATOS DE OPCIÓN DEL USUARIO (OCLC) |
| Datos de opción del usuario |
jck |
| -- |
bpc |
| -- |
bpc |
| -- |
20160622 |
| 910 ## - DATOS DE OPCIÓN DEL USUARIO (OCLC) |
| Datos de opción del usuario |
dbm |
| -- |
ksl |
| -- |
ksl |
| -- |
20171123 |
| 942 ## - ELEMENTOS DE ENTRADA SECUNDARIOS (KOHA) |
| Fuente del sistema de clasificación o colocación |
Clasificación Decimal Dewey |
| Tipo de ítem Koha |
|
| 949 ## - PROCESAMIENTO DE INFORMACIÓN LOCAL (OCLC) |
| a |
722.91 H8 |
| w |
DEWEY |
| c |
1 |
| i |
73457 |
| l |
CCODEBUL1 |
| m |
BUL |
| r |
0 |
| s |
Y |
| t |
BOOK |
| u |
2016-6-22 |
| x |
INGENIERIA |
| -- |
P06 |
| 0 |
COMPRA |
| o |
.STAFF. Colección General |
| 994 ## - |
| -- |
C0 |
| -- |
PEPRU |
| 999 ## - NÚMEROS DE CONTROL DE SISTEMA (KOHA) |
| -- |
DEWEY |
| -- |
73457 |
| -- |
2019-9-24 |
| -- |
2019-2-19 |
| -- |
5 |
| -- |
CHECKEDOUT |
| -- |
CCODEBUL1 |
| -- |
BUL |
| -- |
4 |
| -- |
M |
| -- |
Y |
| -- |
BOOK |
| -- |
2016-6-22 |
| -- |
INGENIERIA |
| -- |
P06 |
| -- |
COMPRA |
| -- |
.STAFF. Colección General |
| 999 ## - NÚMEROS DE CONTROL DE SISTEMA (KOHA) |
| -- |
DEWEY |
| -- |
77083 |
| -- |
2019-9-17 |
| -- |
2021-11-9 |
| -- |
4 |
| -- |
CCODEBUL1 |
| -- |
BUL |
| -- |
4 |
| -- |
21.69 |
| -- |
0 |
| -- |
Y |
| -- |
BOOK |
| -- |
2017-11-23 |
| -- |
INGENIERIA |
| -- |
P06 |
| -- |
COMPRA |
| -- |
.STAFF. Colección Ingeniería y Arquitectura |
| 980 ## - EQUIVALENCIA O REFERENCIA-CRUZADA-MENCIÓN DE SERIE--NOMBRE DE PERSONA/TÍTULO [LOCAL, CANADÁ] |
| ID del último usuario que modificó el registro |
1 |
| Nombre del último usuario que modificó el registro |
ALBERTO SANCHEZ Responsable de Automatización |